000
00219 a2200097 4500
001
3030
100
_a
Reid, D
245
_a
The oxford illus junior dictionary
260
_a
_b
Oxford Univ. Press
_c
090
_c
2315
_d
2315
942
_a
NUST-CAE
_c
M
_c
14614
999
_c
238103
_d
238103